Basic & clinical pharmacology. (Record no. 122234)

MARC details
000 -LEADER
fixed length control field 01215mas a2200373 a 4500
008 - FIXED-LENGTH DATA ELEMENTS--GENERAL INFORMATION
fixed length control field
022 0# - INTERNATIONAL STANDARD SERIAL NUMBER
International Standard Serial Number 0838505651(pbk.)
049 ## - LOCAL HOLDINGS (OCLC)
Holding library MAIN
050 00 - LIBRARY OF CONGRESS CALL NUMBER
Classification number RM300 KAT
003 - CONTROL NUMBER IDENTIFIER
control field
005 - DATE AND TIME OF LATEST TRANSACTION
control field 20230123114459.0
040 ## - CATALOGING SOURCE
Transcribing agency NUST
245 00 - TITLE STATEMENT
Title Basic & clinical pharmacology.
246 10 - VARYING FORM OF TITLE
Title proper/short title Basic and clinical pharmacology
260 ## - PUBLICATION, DISTRIBUTION, ETC.
Place of publication, distribution, etc. Los Altos, Calif. :
Name of publisher, distributor, etc. Lange Medical Publications,
Date of publication, distribution, etc. c1982-
300 ## - PHYSICAL DESCRIPTION
Extent xii, 1151p. :
Other physical details ill. ;
Dimensions 25 cm.
310 ## - CURRENT PUBLICATION FREQUENCY
Current publication frequency Biennial,
Date of current publication frequency <1986->
321 ## - FORMER PUBLICATION FREQUENCY
Former publication frequency Irregular,
Dates of former publication frequency 1982-
362 0# - DATES OF PUBLICATION AND/OR SEQUENTIAL DESIGNATION
Dates of publication and/or sequential designation 7th ed.
440 #2 - SERIES STATEMENT/ADDED ENTRY--TITLE
Title A Concise medical library for practitioner and student
500 ## - GENERAL NOTE
General note "A Lange medical book."
504 ## - BIBLIOGRAPHY, ETC. NOTE
Bibliography, etc. note Includes bibliographical references
500 ## - GENERAL NOTE
General note Includes Index.
515 ## - NUMBERING PECULIARITIES NOTE
Numbering peculiarities note Vol. for 1982 lacks designation but constitutes 1st ed.
530 ## - ADDITIONAL PHYSICAL FORM AVAILABLE NOTE
Additional physical form available note Also available on the Internet.
650 #0 - SUBJECT ADDED ENTRY--TOPICAL TERM
Topical term or geographic name entry element Pharmacology
General subdivision Periodicals.
650 #2 - SUBJECT ADDED ENTRY--TOPICAL TERM
Topical term or geographic name entry element Pharmacology.
650 #2 - SUBJECT ADDED ENTRY--TOPICAL TERM
Topical term or geographic name entry element Pharmacology, Clinical.
700 1# - ADDED ENTRY--PERSONAL NAME
Personal name Katzung, Bertram G.
730 0# - ADDED ENTRY--UNIFORM TITLE
Uniform title STAT!Ref.
780 00 - PRECEDING ENTRY
Title Review of medical pharmacology
International Standard Serial Number 0557-7519
Record control number (DLC) 86645487
-- (OCoLC)02254851
907 ## - LOCAL DATA ELEMENT G, LDG (RLIN)
a .b10255862
b 18-07-12
c 14-05-08
942 ## - ADDED ENTRY ELEMENTS (KOHA)
Koha item type Ordinary Loan Books
Holdings
Date last seen Total Checkouts Full call number Barcode Cost, replacement price Price effective from Koha item type Lost status Source of classification or shelving scheme Damaged status Not for loan Collection Withdrawn status Home library Current library Shelving location Date acquired Cost, normal purchase price
01/23/2023 6 RM300 KAT 92004009595 80.00 01/23/2023 BOOKS   LCC     NFIC   Medical Medical GEN 01/23/2023 80.00